00355nam a2200109Ia 4500008004100000082000800041100002200049245005300071942000600124952010000130999001500230240331s9999 xx 000 0 und d bRAM aRamakrishnanan, N 0aAung San Suii Kyi :bBurmavin jananayakap porali cL 001040708LaWERCLbWERCLcSSCd2024-03-31l0o 305.4095 RAMp1535r2024-03-31w2024-03-31yL c1861d1861